Statistics for Answers Starting with "Rh"

Click here to take the quiz!

General Stats

  • This quiz has been taken 348 times
    (196 since last reset)
  • The average score is 13 of 22

Answer Stats

HintWord% Correct
River that flows through six countriesRhine
89%
Dodecanese island (formerly with Colossus)Rhodes
86%
Large gray mammalrhinoceros
82%
An element of poetryrhyme
81%
Quadrilateral geometric shaperhombus
80%
Zimbabwe's predecessorRhodesia
73%
Umbrella term for conditions causing joint painrheumatism
72%
The art of using speech to convince or persuaderhetoric
71%
An element of poetryrhythm
71%
Character in Gone with the WindRhett
65%
River that flows through Switzerland and FranceRhone
65%
Mother of the gods in Greek mythologyRhea
64%
Plant of which the stalks are eaten as a vegetablerhubarb
64%
Girl's name mentioned in title of Beach Boys songRhonda
63%
Species of monkey important for science and medicinerhesus
62%
Chemical element Rh with atomic number 45rhodium
50%
Girl's name and Fleetwood Mac song titleRhiannon
38%
Fake diamondrhinestone
33%
Genus of woody plants in the heath family with a long namerhododendron
31%
Chemical element Re with atomic number 75rhenium
28%
A work of epic poetry, or episodic instrumental compositionrhapsody
25%
Subterranean plant stem (sends out roots and shoots)rhizome
21%

Score Distribution

Percentile by Number Answered

Percent of People with Each Score

Your Score History

You have not taken this quiz since the last reset